000 00307nam a2200133Ia 4500
008 190216s9999||||xx |||||||||||||| ||und||
100 _aArthur Naiman
245 0 _aIntroduction To Wordstar
250 _asecond
260 _bBpb Publications
300 _a208 p
650 _aComputer Science
942 _cBK
999 _c8438
_d8438